[Event "Euskadi-ch (Women)"]
[Site "Vitoria Gasteiz"]
[Date "2019.06.09"]
[Round "5"]
[White "Gaviria Valencia, Gisela"]
[Black "Abrisqueta Zudaire, Ines"]
[Result "0-1"]
[WhiteElo "1480"]
[BlackElo "1465"]
[PlyCount "83"]
[EventDate "2019.06.08"]
[EventType "swiss"]
[EventRounds "5"]
[EventCountry "ESP"]
[SourceTitle "EXT 2020"]
[Source "ChessBase"]
[SourceDate "2019.10.17"]
[SourceVersion "1"]
[SourceVersionDate "2019.10.17"]
[SourceQuality "1"]

1. d4 d5 2. c4 e6 3. Nc3 c6 4. e4 Nf6 5. e5 Ng8 6. Nf3 Nd7 7. cxd5 exd5 8. Bd3 Bb4 9. Ng5 Qe7 10. 0-0 Bxc3 11. bxc3 Nb6 12. Re1 Be6 13. a4 a5 14. f4 g6 15. Ba3 Qd7 16. Rb1 Nc4 17. Bxc4 dxc4 18. Nxe6 fxe6 19. g4 Ne7 20. Bxe7 Kxe7 21. Rb6 Rab8 22. Qa1 h5 23. Qa3+ Kf7 24. g5 Rhc8 25. Qc5 Qd5 26. Reb1 Qxc5 27. Rxb7+ Rxb7 28. Rxb7+ Qe7 29. Rxe7+ Kxe7 30. Kf2 Rb8 31. Ke3 Rb3 32. d5 cxd5 33. Kd4 Ra3 34. f5 exf5 35. Kxd5 Rxc3 36. Kc5 Rb3 37. Kxc4 Rb4+ 38. Kc5 Rxa4 39. Kb5 Ra1 40. h4 Ke6 41. Kc4 Rb1 42. Kc3 0-1